[Event "GER-ch U10"]
[Site "Willingen"]
[Date "2023.06.02"]
[Round "10"]
[White "Zargaran, Sepas"]
[Black "Lange, Fynn Jeremy"]
[Result "1/2-1/2"]
[WhiteElo "1540"]
[BlackElo "1616"]
[PlyCount "69"]
[EventDate "2023.05.27"]
[EventType "swiss"]
[EventRounds "11"]
[EventCountry "GER"]
[SourceTitle "CBM 214 Extra"]
[Source "ChessBase"]
[SourceDate "2023.07.31"]
[SourceVersion "1"]
[SourceVersionDate "2023.07.31"]
[SourceQuality "1"]

1. e4 e5 2. Nf3 Nf6 3. d4 Nxe4 4. Bd3 d5 5. Nxe5 Nd7 6. Nxd7 Bxd7 7. 0-0 Bd6 8. Nc3 Nxc3 9. bxc3 0-0 10. Qh5 f5 11. Re1 Qf6 12. Qf3 c6 13. Bf4 Rae8 14. h4 Bxf4 15. Qxf4 h6 16. Rab1 Bc8 17. Re5 Rxe5 18. dxe5 Qe6 19. c4 Kh8 20. g4 Qg6 21. g5 Re8 22. Kh2 Qe6 23. Re1 Bd7 24. Qd4 b6 25. f4 h5 26. Rb1 g6 27. c5 b5 28. a4 a6 29. axb5 cxb5 30. Ra1 Bc8 31. Be2 Bb7 32. Bf3 Kg8 33. Rb1 Re7 34. Rd1 Rd7 35. Ra1 1/2-1/2

[Event "GER-ch U10"]
[Site "Willingen"]
[Date "2023.06.01"]
[Round "8"]
[White "Naumann, Lennart"]
[Black "Lange, Fynn Jeremy"]
[Result "1/2-1/2"]
[WhiteElo "1537"]
[BlackElo "1616"]
[PlyCount "93"]
[EventDate "2023.05.27"]
[EventType "swiss"]
[EventRounds "11"]
[EventCountry "GER"]
[SourceTitle "CBM 214 Extra"]
[Source "ChessBase"]
[SourceDate "2023.07.31"]
[SourceVersion "1"]
[SourceVersionDate "2023.07.31"]
[SourceQuality "1"]

1. e4 e5 2. Nf3 Nf6 3. Nc3 Bb4 4. Nxe5 0-0 5. Nd3 Bxc3 6. dxc3 Nxe4 7. Be2 Re8 8. 0-0 Nc6 9. Bf4 d6 10. Re1 Bf5 11. Bg4 Qd7 12. Bxf5 Qxf5 13. f3 Nc5 14. Qd2 Nxd3 15. cxd3 h6 16. Re4 Re6 17. Rae1 Rae8 18. Rxe6 Rxe6 19. Be3 a6 20. d4 Ne7 21. c4 Ng6 22. b3 Nh4 23. Bf2 Ng6 24. Be3 Kh7 25. Re2 Nh4 26. Bf2 Ng6 27. Be3 Nf8 28. Kf2 Nd7 29. Qc2 Qxc2 30. Rxc2 Nb6 31. g4 Kg6 32. h4 c6 33. d5 Rxe3 34. Kxe3 c5 35. b4 cxb4 36. Kd4 Nd7 37. Rb2 a5 38. a3 bxa3 39. Ra2 b6 40. Rxa3 Kf6 41. f4 Ke7 42. g5 h5 43. f5 Kd8 44. g6 f6 45. Re3 Ne5 46. Rg3 Kc7 47. Rc3 1/2-1/2

[Event "GER-ch U08"]
[Site "Willingen"]
[Date "2022.06.10"]
[Round "6"]
[White "Lange, Fynn Jeremy"]
[Black "Shynkar, Darya"]
[Result "1/2-1/2"]
[WhiteElo "1293"]
[BlackElo "1001"]
[PlyCount "100"]
[EventDate "2022.06.07"]
[EventType "swiss"]
[EventRounds "7"]
[EventCountry "GER"]
[SourceTitle "EXT 2023"]
[Source "ChessBase"]
[SourceDate "2022.10.05"]
[SourceVersion "1"]
[SourceVersionDate "2022.10.05"]
[SourceQuality "1"]

1. c4 e6 2. d4 Nf6 3. Bf4 Bb4+ 4. Nd2 0-0 5. a3 Bxd2+ 6. Qxd2 d5 7. e3 Bd7 8. Nf3 Ne4 9. Qc2 c6 10. Bd3 Nf6 11. Be5 h6 12. Bd6 Re8 13. 0-0 Bc8 14. Bg3 a6 15. Rfe1 b6 16. Rad1 Rf8 17. e4 Bb7 18. Bh4 dxe4 19. Bxe4 Qe7 20. Ne5 Rd8 21. Ng4 Nbd7 22. Ne5 Rac8 23. Qe2 a5 24. Qf3 g5 25. Bg3 Nxe4 26. Qxe4 f5 27. Qd3 Nxe5 28. Bxe5 c5 29. Qb3 cxd4 30. Qxb6 Be4 31. Rxd4 Rxd4 32. Qxd4 Qc5 33. Rc1 Bd5 34. Bh8 Qxd4 35. Bxd4 Rxc4 36. Rxc4 Bxc4 37. f4 g4 38. Kf2 Kf7 39. Ke3 Bd5 40. g3 h5 41. Kd3 a4 42. Ke2 Ke7 43. Kf2 Bf3 44. h3 Kd6 45. h4 Kd5 46. Bc3 Kc4 47. Ke3 Be4 48. Be5 Kc5 49. Kd2 Kc4 50. Bg7 Bd3 1/2-1/2